Engines of Creation /

保存先:
書誌詳細
第一著者: Drexler, K. Eric (autor)
その他の著者: Minsky, Marvin (prólogo) (prólogo)
フォーマット: 図書
言語:英語
出版事項: Nueva York, EUA : Anchor Books, 1990, c1990
版:2a edición
主題:
タグ: タグ追加
タグなし, このレコードへの初めてのタグを付けませんか!

MARC

LEADER 00000nam^a2200000^a^4500
001 000154177
005 20250521000000.0
009 20260310100344.039
020 |a 0-385-19973-2 
037 |a Acervo ITESO - Biblioteca 
041 |a ING 
082 |a 620. 5  |b DRE 
100 |a Drexler, K. Eric  |e (autor) 
240 1 4 |a [La nanotecnología: el surgimiento de las máquinas de creación] 
245 1 0 |a Engines of Creation /  |c K.E. Drexler ; pról. de M. Minsky. 
246 2 |a Título en la cubierta: Engines of Creation: The Coming Era of Nanotechnology 
250 |a 2a edición 
264 4 |a Nueva York, EUA :  |b Anchor Books,  |c 1990, c1990 
300 |a XII, 298 p. 
336 |a texto  |b txt  |2 rdacontenido 
337 |a sin mediación  |b n  |2 rdamedio 
338 |a volumen  |b nc  |2 rdasoporte 
649 |a XX 
650 |a Nanotecnología 
650 |a Desarrollo Tecnológico 
650 |a Tecnología y Sociedad 
650 |a Predicción en la Ciencia 
700 |a Minsky, Marvin  |e (prólogo) 
910 |a Fondo General 
920 |a Impresos - Libros 
930 |a Colección General 
905 |a 101 
901 |a 0500085804  |b IT1  |c ACC  |u 20250521 
902 |a https://opac.biblio.iteso.mx/vufind/Record/000154177